UBT Library

Managing educational excellence / (Record no. 42673)

000 -LEADER
fixed length control field 00646cam a2200241 a 4500
001 - CONTROL NUMBER
control field 534450
005 - DATE AND TIME OF LATEST TRANSACTION
control field 20180215074045.0
008 - FIXED-LENGTH DATA ELEMENTS--GENERAL INFORMATION
fixed length control field 871130s1988 nyu b 001 0 eng
010 ## - LIBRARY OF CONGRESS CONTROL NUMBER
LC control number 87033178
020 ## - INTERNATIONAL STANDARD BOOK NUMBER
International Standard Book Number 1850003580 :
Terms of availability $38.00
020 ## - INTERNATIONAL STANDARD BOOK NUMBER
International Standard Book Number 1850003599 (pbk.) :
Terms of availability $15.00
040 ## - CATALOGING SOURCE
Original cataloging agency DLC
Transcribing agency DLC
Modifying agency DLC
041 ## - LANGUAGE CODE
Language code of text/sound track or separate title eng
043 ## - GEOGRAPHIC AREA CODE
Geographic area code n-us---
080 ## - UNIVERSAL DECIMAL CLASSIFICATION NUMBER
Universal Decimal Classification number 379.73 TIM
082 00 - DEWEY DECIMAL CLASSIFICATION NUMBER
Classification number 379.73 TIM
Edition number 19
100 1# - Rafti
Rafti 47
101 ## - Shkurtesa
Shkurtesa EDU
245 10 - TITLE STATEMENT
Title Managing educational excellence /
Statement of responsibility, etc Thomas B. Timar and David L. Kirp.
504 ## - BIBLIOGRAPHY, ETC. NOTE
Bibliography, etc Bibliography: p. 138-142.
906 ## - LOCAL DATA ELEMENT F, LDF (RLIN)
a 7
b cbc
c orignew
d 1
e ocip
f 19
g y-gencatlg
942 ## - ADDED ENTRY ELEMENTS (KOHA)
Source of classification or shelving scheme
Item type Books
Holdings
Withdrawn status Lost status Source of classification or shelving scheme Damaged status Not for loan Collection code Permanent location Current location Shelving location Date acquired Total Checkouts Full call number Barcode Date last seen Price effective from Koha item type
          Koleksioni i përgjithshem UBT - Lipjan UBT - Lipjan Koleksioni i përgjithshem 02/15/2018   379.73 TIM 002-2998506 02/15/2018 02/15/2018 Books
UBT Library © 2015-2024. All rights reserved University Education for Business and Technology